Романтические фантазии: сборник; в 2 т.; Т. 2; Эликсир Сатаны; Влюбленный дьявол; Ватек

Detalles Bibliográficos
Otros Autores: Стрижеусов И. В. (иллюстратор)
Lenguaje:ruso
Publicado: [Черкесск], Сев.-Кавк. информ.-рекл. агентство "Инфоблиц", 1993
TOC:Э. Т. А. Гофман, Эликсир Сатаны;
Ж. Казот, Влюбленный дьявол;
Ватек;
Materias:
Formato: Libro
KOHA link:https://koha.lib.tpu.ru/cgi-bin/koha/opac-detail.pl?biblionumber=157290

MARC

LEADER 00000nam1a2200000 4500
001 157290
005 20231031153658.0
010 |a 5827400149 
020 |a RU  |b 93-29537 
035 |a (RuTPU)RU\TPU\book\170595 
035 |a RU\TPU\book\170591 
090 |a 157290 
100 |a 20090406g1993 m y0rusy5003 ca 
101 2 |a rus  |c ger  |c fre 
200 1 |a Романтические фантазии  |e сборник   |e в 2 т.  |h Т. 2  |f худож. И. В. Стрижеусов 
210 |a [Черкесск]  |c Сев.-Кавк. информ.-рекл. агентство "Инфоблиц"  |c АО "Компания "Югрос"  |d 1993 
215 |d 22 см  |a 350 с.  |c ил. 
464 |t Эликсир Сатаны  |f Э. Т. А. Гофман 
464 |t Влюбленный дьявол  |f Ж. Казот 
464 |t Ватек  |a Бекфорд, К. 
610 1 |a художественная литература 
610 1 |a французская литература 
610 1 |a немецкая литература 
610 1 |a сказки 
610 1 |a новеллы 
610 1 |a готическая литература 
610 1 |a готические романы 
675 |a 83  |z rus 
702 1 |a Стрижеусов  |b И. В.  |4 440 
801 0 |a RU  |b RuMRKP  |c 19950413  |g psbo 
801 1 |a RU  |b 63413507  |c 20090406  |g PSBO 
801 2 |a RU  |b 63413507  |c 20200122  |g PSBO 
942 |c BK